000 00654 a2200181 4500
020 _a0071240837
040 _aDLC
_bDLC
082 0 0 _a005.1
100 1 _aPressman, Roger S.
245 1 0 _aSoftware engineering: a practitioner's approach
_ba practitioner's approach
_cRoger S. Pressman.
250 _a6th ed.
260 _aBoston, Mass. :
_bMcGraw-Hill,
_cc2005.
300 _a912 p. :
_bill. ;
_c24 cm.
650 0 _aSoftware engineering.
856 4 1 _3Table of contents
_uhttp://www.loc.gov/catdir/toc/ecip0411/2003026394.html
856 4 1 _3Publisher description
_uhttp://www.loc.gov/catdir/enhancements/fy0702/2003026394-d.html
942 _cBK
_k005.1 PRE
_2ddc
999 _c4201
_d4201